Wandkarte zum Studium der Geschichte der Österr.-Ungarischen Monarchie

Main Author: Umlauft, Friedrich, 1844-1923
Language: German
Published: Wien : Eduard Hölzel, [1878-1908?]
Physical Description: 1 mapa : barev., podlepena plátnem ; 100 x 127 cm
Map
Saved in:
LEADER 01320nem a2200361 a 4500
001 001083006
003 CZ BrMZK
005 20100225060930.0
007 aj canzn
008 100119q18781908au z a r 0 ger
034 1 |a a  |b 1500000 
040 |a BOA001  |b cze 
043 |a e-au---  |a e-hu--- 
080 |a 913:94  |2 MRF 
080 |a 913(436+439)  |2 MRF 
080 |a 912.43:904  |2 MRF 
080 |a (084.3)  |2 MRF 
080 |a (084.35)  |2 MRF 
100 1 |a Umlauft, Friedrich,  |d 1844-1923  |7 mzk2004241539  |4 ctg 
245 1 0 |a Wandkarte zum Studium der Geschichte der Österr.-Ungarischen Monarchie  |h [kartografický dokument] /  |c von Friedrich Umlauf 
255 |a Měřítko 1:1 500 000 
260 |a Wien :  |b Eduard Hölzel,  |c [1878-1908?] 
300 |a 1 mapa :  |b barev., podlepena plátnem ;  |c 100 x 127 cm 
500 |a Doplňková mapa: Entwickelung der Ostmark von 976-1282 (1:1 700 000) 
500 |a Závěsná mapa 
650 0 7 |a historická geografie  |7 ph120715  |z Rakousko-Uhersko  |2 czenas 
655 7 |a historické mapy  |7 fd186723  |2 czenas 
655 7 |a nástěnné mapy  |7 fd646697  |2 czenas 
651 7 |a Rakousko-Uhersko  |7 ge130613  |2 czenas 
910 2 |a BOA001  |b Mpr-1235.799 
990 |a MP 
991 |b 201002 
996 6 |b 2610406446  |c Mpr-1235.799  |l MZK  |r Sklad / do 24 hodin  |n 0  |p dar  |w 001105662  |u 000010  |a 1  |e BOA001  |j MZK50  |s P